Nombres de 50 à 0 en 15 secondes - Statistiques

Statistiques générales
  • Ce quiz a été pris 511 fois
  • Le résultat moyen est 15 sur 51
Statistiques - réponses
Nombre Réponse % Correct
50 50
98%
49 49
89%
48 48
87%
47 47
85%
46 46
83%
45 45
82%
44 44
80%
42 42
78%
43 43
78%
41 41
77%
40 40
68%
39 39
60%
38 38
59%
37 37
58%
36 36
54%
35 35
52%
34 34
48%
33 33
42%
32 32
36%
31 31
33%
30 30
27%
29 29
20%
28 28
16%
27 27
15%
26 26
12%
25 25
11%
23 23
9%
24 24
9%
22 22
5%
21 21
4%
0 0
3%
20 20
3%
17 17
2%
18 18
2%
19 19
2%
1 1
1%
15 15
1%
16 16
1%
10 10
0%
11 11
0%
12 12
0%
13 13
0%
14 14
0%
2 2
0%
3 3
0%
4 4
0%
5 5
0%
6 6
0%
7 7
0%
8 8
0%
9 9
0%
Aucun quiz correspondant
Distribution des résultats
% des personnes avec chaque résultat
Percentile par nombre de réponses
Votre historique - résultats
Vous n’avez pas pris ce quiz